000 00399nam a2200157 a 4500
005 20140414132123.0
008 140221s19uu xx 00 eng d
020 _a9781849562089
050 _aREF 609
_bIn1 2010
245 _aInventions.
260 _aPaig, Philippines :
_bWS Pacific Publications, Inc,
_cc2010.
300 _a64
440 _aFocus on
650 _aInventions
999 _c115140
_d115140